000 00424nam a22001217a 4500
999 _c18777
_d18777
008 210210b xxu||||| |||| 00| 0 eng d
050 _aNBE0695
_b.M66 2018 c.1
100 _aMomanyi, Joseph
245 _aEffects of corporate governance practices on growth of microfinance institutions in Kenya
_cJoseph Momanyi
260 _aKabarak, Nakuru, Kenya
_bKabarak University
_c2018
300 _a100 leaves
942 _2lcc
_cTHE